Schaum's outline of theory and problems of electronic communication (Record no. 10133)

000 -LEADER
fixed length control field 00683 a2200205 4500
020 ## - INTERNATIONAL STANDARD BOOK NUMBER
International Standard Book Number 0070634955
040 ## - CATALOGING SOURCE
Original cataloging agency DLC
Language of cataloging DLC
100 10 - MAIN ENTRY--PERSONAL NAME
Personal name Temes, Lloyd.
245 10 - TITLE STATEMENT
Title Schaum's outline of theory and problems of electronic communication
Statement of responsibility, etc. Lloyd Temes.
260 0# - PUBLICATION, DISTRIBUTION, ETC.
Place of publication, distribution, etc. New York
Name of publisher, distributor, etc. : McGraw-Hill
Date of publication, distribution, etc. , c1979.
300 ## - PHYSICAL DESCRIPTION
Extent 138 p.
Other physical details : ill.
Dimensions ; 28 cm.
440 #0 - SERIES STATEMENT/ADDED ENTRY--TITLE
Title Schaum's outline series.
500 ## - GENERAL NOTE
General note Cover title: Theory and problems of electronic communication.
500 ## - GENERAL NOTE
General note Includes index.
650 #0 - SUBJECT ADDED ENTRY--TOPICAL TERM
Topical term or geographic name entry element Telecommunication.
650 #0 - SUBJECT ADDED ENTRY--TOPICAL TERM
Topical term or geographic name entry element Electronics.
740 01 - ADDED ENTRY--UNCONTROLLED RELATED/ANALYTICAL TITLE
Uncontrolled related/analytical title Electronic communication.
740 01 - ADDED ENTRY--UNCONTROLLED RELATED/ANALYTICAL TITLE
Uncontrolled related/analytical title Theory and problems of electronic communication.
942 ## - ADDED ENTRY ELEMENTS (KOHA)
Koha item type Book
Call number prefix 621.382 TEM
Source of classification or shelving scheme
Holdings
Withdrawn status Lost status Damaged status Not for loan Collection code Permanent Location Current Location Shelving location Date acquired Source of acquisition Cost, normal purchase price Total Checkouts Full call number Barcode Date last seen Price effective from Koha item type
          Central Library (CL) Central Library (CL) General Stacks 04/22/2010 Donation 0.00   621.382 TEM SEECS010125 11/14/2012 01/05/2017 Book
© 2023 Central Library, National University of Sciences and Technology. All Rights Reserved.